The Impact of Financial Innovation on Interest Rate Spread in the Tunisian Banking Industry (Record no. 300018)
[ view plain ]
| 000 -LEADER | |
|---|---|
| fixed length control field | 00530nam a2200133Ia 4500 |
| 008 - FIXED-LENGTH DATA ELEMENTS--GENERAL INFORMATION | |
| fixed length control field | 160809s9999 xx 000 0 und d |
| 100 ## - MAIN ENTRY--PERSONAL NAME | |
| Personal name | Mabrouk, Abir. |
| 245 #4 - TITLE STATEMENT | |
| Title | The Impact of Financial Innovation on Interest Rate Spread in the Tunisian Banking Industry |
| 245 ## - TITLE STATEMENT | |
| Statement of responsibility, etc | Abir Mabrouk. |
| 260 ## - PUBLICATION, DISTRIBUTION, ETC. (IMPRINT) | |
| Name of publisher, distributor, etc | International Research Journal of Applied Finance |
| 260 ## - PUBLICATION, DISTRIBUTION, ETC. (IMPRINT) | |
| Date of publication, distribution, etc | June 2016 |
| 650 ## - SUBJECT ADDED ENTRY--TOPICAL TERM | |
| General subdivision | FINANCE |
| 856 ## - ELECTRONIC LOCATION AND ACCESS | |
| Uniform Resource Identifier | <a href="https://nebula.wsimg.com/f75b9d8512f7cff6298c057e6233ad6f?AccessKeyId=A83663472B839ECDD54B&disposition=0&alloworigin=1">https://nebula.wsimg.com/f75b9d8512f7cff6298c057e6233ad6f?AccessKeyId=A83663472B839ECDD54B&disposition=0&alloworigin=1</a> |
| Withdrawn status | Lost status | Damaged status | Home library | Current library | Date acquired | Total Checkouts | Date last seen | Price effective from | Koha item type |
|---|---|---|---|---|---|---|---|---|---|
| College Library | College Library | 08/09/2016 | 08/09/2016 | 08/09/2016 | Foreign e-journal articles |